Central Library OPAC University of Rajshahi

Bangladesh politics : (Record no. 17546)

MARC details
000 -LEADER
fixed length control field 00711nam a2200241 i 4500
001 - CONTROL NUMBER
control field 17546
003 - CONTROL NUMBER IDENTIFIER
rucl marc code BD-RjUL
005 - DATE AND TIME OF LATEST TRANSACTION
control field 20211209000146.0
008 - FIXED-LENGTH DATA ELEMENTS--GENERAL INFORMATION
fixed length control field 140217s1980 bg b 000 0 eng
035 ## - SYSTEM CONTROL NUMBER
System control number (BD-RjUL)17604
040 ## - CATALOGING SOURCE
Original cataloging agency DLC
Transcribing agency DLC
Modifying agency DLC
-- BD-RjUL
Language of cataloging eng
041 ## - LANGUAGE CODE
Language code of text/sound track or separate title eng
082 00 - DEWEY DECIMAL CLASSIFICATION NUMBER
Classification number 954.9205
Edition number 19
Author mark and year JAB
100 1# - MAIN ENTRY--PERSONAL NAME
Personal name Jahan, Rounaq.
9 (RLIN) 54064
245 10 - TITLE STATEMENT
Title Bangladesh politics :
Remainder of title problems and issues /
Statement of responsibility, etc. Rounaq Jahan.
260 ## - PUBLICATION, DISTRIBUTION, ETC. (IMPRINT)
Place of publication, distribution, etc. Dacca :
Name of publisher, distributor, etc. University Press,
Date of publication, distribution, etc. 1980.
300 ## - PHYSICAL DESCRIPTION
Pagination xxiv, 225 p. ;
Size 22 cm.
504 ## - BIBLIOGRAPHY, ETC. NOTE
Bibliography, etc Includes bibliographical references and index.
651 #0 - SUBJECT ADDED ENTRY--GEOGRAPHIC NAME
Geographic name Bangladesh
General subdivision Politics and government.
9 (RLIN) 54065
942 ## - ADDED ENTRY ELEMENTS (KOHA)
Source of classification or shelving scheme Dewey Decimal Classification
Koha item type Books
Holdings
Lost status Source of classification or shelving scheme Damaged status Not for loan Collection code Permanent Location Current Location Shelving location Date acquired Source of acquisition Cost, normal purchase price Total Checkouts Full call number Date last seen Copy number Koha item type Date checked out
  Dewey Decimal Classification     Non-fiction Central Library, University of Rajshahi Central Library, University of Rajshahi   18/06/1982 Allies book cor. 15.00   954.9205 JAB 1980 17/02/2014 C-3 Books  
  Dewey Decimal Classification     Non-fiction Central Library, University of Rajshahi Central Library, University of Rajshahi   18/06/1982 Aligarh Library, Rajshahi. 45.00 1 954.9205 JAB 1980 07/05/2018 C-6 Books 11/02/2018
  Dewey Decimal Classification     Non-fiction Central Library, University of Rajshahi Central Library, University of Rajshahi   18/06/1982 Aligarh Library, Rajshahi. 45.00   954.9205 JAB 1980 17/06/2014 C-9 Books  
  Dewey Decimal Classification     Non-fiction Central Library, University of Rajshahi Central Library, University of Rajshahi   18/06/1982 Alies Book Agency 15.00   954.9205 JAB 1980 18/06/2014 C-4 Books  
  Dewey Decimal Classification     Non-fiction Central Library, University of Rajshahi Central Library, University of Rajshahi   18/06/1982 Alies Book Agency 15.00   954.9205 JAB 1980 18/06/2014 C-8 Books  
  Dewey Decimal Classification     Non-fiction Central Library, University of Rajshahi Central Library, University of Rajshahi   18/06/1982 Jonhanathan wren & co. 45.00   954.9205 JAB 1980 18/06/2014 C-7 Books  
  Dewey Decimal Classification     Non-fiction Central Library, University of Rajshahi Central Library, University of Rajshahi   18/06/1982 Jonhanathan wren & co. 45.00   954.9205 JAB 1980 18/06/2014 C-10 Books  
  Dewey Decimal Classification     Non-fiction Central Library, University of Rajshahi Central Library, University of Rajshahi   10/10/1987 Zeenat Book 100.00 1 954.9205 JAB 1987 28/04/2025 C-5 Books 13/03/2025
  Dewey Decimal Classification   Not For Loan Non-fiction Central Library, University of Rajshahi Central Library, University of Rajshahi Reading Room 18/06/1982 Aligor Library, Rajshahi 45.00   954.9205 JAB 1980 29/12/2016 C-1 Books  
  Dewey Decimal Classification     Non-fiction Central Library, University of Rajshahi Central Library, University of Rajshahi   17/09/2017       954.9205 JAB 1980 17/09/2017 C-2 Books